| 000 | 00874nam a22002297a 4500 | ||
|---|---|---|---|
| 001 | BD-DhSAU 5559 | ||
| 003 | BD-DhSAU | ||
| 005 | 20150703110405.0 | ||
| 008 | 150416b2003 bg a|||| |||| 00| 0 eng d | ||
| 020 | _a9843210239 | ||
| 040 | _aBD-DhSAU | ||
| 082 |
_222 _a635.040202 _bPRO |
||
| 110 | _aDept. of Food Technology and Quality Control, Nepal | ||
| 245 |
_aProceedings of SAARC workshop on postharvest technology : _b24-25 September 2002 Kathmandu, Nepal / _cDepartment of Food Technology and Quality Control, Nepal, and SAARC Secretariat, Kathmandu, Nepal |
||
| 260 |
_aBangladesh : _bSAARC Agricultural Information Centre (SAIC), _c2003. |
||
| 300 |
_av, 140 p. : _bill. ; _c21 cm. |
||
| 504 | _aIncludes bibliographical references. | ||
| 590 | _aJerin | ||
| 650 | _aPostharvest Technology. | ||
| 710 | _aSAARC Secretariat, Kathmandu, Nepal | ||
| 942 |
_2ddc _cBOOK |
||
| 999 |
_c5559 _d5559 |
||